| 000 -LEADER |
| fixed length control field |
01205nam a2200217Ia 4500 |
| 008 - FIXED-LENGTH DATA ELEMENTS--GENERAL INFORMATION |
| fixed length control field |
200103s 2011 ||||xx |||||||||||||| ||und|| |
| 020 ## - INTERNATIONAL STANDARD BOOK NUMBER |
| International Standard Book Number |
9789280115284 |
| 082 ## - DEWEY DECIMAL CLASSIFICATION NUMBER |
| Classification number |
623.88 |
| Item number |
IMO |
| 110 ## - MAIN ENTRY--CORPORATE NAME |
| Corporate name or jurisdiction name as entry element |
International Maritime Organization |
| 245 #0 - TITLE STATEMENT |
| Title |
STCW including 2010 manila amendments: STCW convention and STCW code |
| 250 ## - EDITION STATEMENT |
| Edition statement |
3rd. |
| 260 ## - PUBLICATION, DISTRIBUTION, ETC. (IMPRINT) |
| Name of publisher, distributor, etc |
International Maritime Organization |
| Date of publication, distribution, etc |
2011 |
| Place of publication, distribution, etc |
London |
| 300 ## - PHYSICAL DESCRIPTION |
| Extent |
v, 356 p. |
| 440 ## - SERIES STATEMENT/ADDED ENTRY--TITLE |
| Title |
Intentional convention on standards of training, certification and watchkeeping for seafarers |
| 504 ## - BIBLIOGRAPHY, ETC. NOTE |
| Bibliography, etc |
STCW Comvention<br/>International Convention of Standards of Training, Certification and Watchkeeping fpr Seafarers, 1978<br/>STCW Code<br/>Seafarers' Training, Certification and Watchkeeping Code.<br/><br/> |
| 520 ## - SUMMARY, ETC. |
| Summary, etc |
A comprehensive review of the 1978 STCW Convention commenced in January 2006 and culminated in a Conference of Parties to the STCW Convention, held in Manila, Philippines, from 21 to 25 June 2010, that adopted a significant number of amendments to the STCW Convention and STCW Code. |
| 650 ## - SUBJECT ADDED ENTRY--TOPICAL TERM |
| Topical term or geographic name as entry element |
Merchant marine - Watch duty |
| 650 ## - SUBJECT ADDED ENTRY--TOPICAL TERM |
| Topical term or geographic name as entry element |
Merchant mariners - Certification |
| 650 ## - SUBJECT ADDED ENTRY--TOPICAL TERM |
| Topical term or geographic name as entry element |
Merchant mariners - Training of |
| 942 ## - ADDED ENTRY ELEMENTS (KOHA) |
| Item type |
Reference book |